000 00747nam a2200265Ia 4500
003 OSt
005 20220918221123.0
006 a|||||r|||| 00| 0
007 ta
008 220917b |||||||| |||| 00| 0 eng d
024 _a148,348
037 _cTextual
040 _aARTS
_cARTS
_beng
041 _2eng
_aeng
082 _aS8:(X:8), L8
100 _aHamner W Clay
_9139164
245 0 _aOrganizational behavior
_b an applied psychological approach
260 _aDellas
_bBusiness Pub
_c1978
300 _axii,437p.
_ccm.
500 _aIndex 420-35p
650 _aSOCIAL PSYCHOLOGY
700 _a Organ Dennis W
_9139165
942 _hS8:(X:8), L8
_cTEXL
_2CC
999 _c271025
_d271025